| 000 | 00385nam a22001337a 4500 | ||
|---|---|---|---|
| 020 | _qPB. | ||
| 040 | _cFIZZA ISHAQ | ||
| 082 |
_a604.2 _bBHA |
||
| 100 | _aBhatt, N. D. | ||
| 245 |
_aEngineering Drawing Plane And Solid Geometry / _c N. D. Bhatt. |
||
| 260 |
_aNew Delhi: _b Charotar Publishing House Pvt. Ltd, _c2008. |
||
| 300 |
_a716 P. ; _c 23.4 x 17.2 x 2.7 cm |
||
| 942 |
_2ddc _cBK |
||
| 999 |
_c616496 _d616496 |
||